Central Library OPAC University of Rajshahi
Normal view MARC view

Entry Personal Name

Number of records used in: 3

001 - CONTROL NUMBER

  • control field: 6163

003 - CONTROL NUMBER IDENTIFIER

  • control field: BD-RjUL

005 - DATE AND TIME OF LATEST TRANSACTION

  • control field: 20221205191156.0

008 - FIXED-LENGTH DATA ELEMENTS

  • fixed length control field: 221205|| aca||aabn | a|a d

040 ## - CATALOGING SOURCE

  • Original cataloging agency: BD-RjUL
  • Transcribing agency: BD-RjUL

100 ## - HEADING--PERSONAL NAME

  • Personal name: Husain, A.B.M. Supervisor

670 ## - SOURCE DATA FOUND

  • Source citation: Work cat.: (BD-RjUL)80898: Ali, Muhammad. Ashraf 6161, Ornamentation in the Muslim Architecture of Bengal :, 1988